Estudios sobre el dopaje en el deporte (Record no. 151352)

MARC details
000 -LEADER
fixed length control field nam a22 7a 4500
005 - DATE AND TIME OF LATEST TRANSACTION
control field 20190918163950.0
008 - FIXED-LENGTH DATA ELEMENTS--GENERAL INFORMATION
fixed length control field 190918b sp ||||| |||| 00| 0 spa d
020 ## - INTERNATIONAL STANDARD BOOK NUMBER
International Standard Book Number 8497728815
050 04 - LIBRARY OF CONGRESS CALL NUMBER
Classification number KKT3035
Item number E88 2006
245 00 - TITLE STATEMENT
Title Estudios sobre el dopaje en el deporte
Remainder of title : actas del seminario celebrado en la Universidad Carlos III de Madrid (Campus de Colmenarejo) durante el curso académico 2004-2005
Statement of responsibility, etc / coordinadores Agustín de Asís Roig, Isabel Hernández San Juan.
250 ## - EDITION STATEMENT
Edition statement 1a ed.
260 ## - PUBLICATION, DISTRIBUTION, ETC. (IMPRINT)
Place of publication, distribution, etc Madrid :
Name of publisher, distributor, etc Viceerrectorado del Campus de Colmenarejo, Universidad Carlos III de Madrid :
-- Dykinson,
Date of publication, distribution, etc 2006
300 ## - PHYSICAL DESCRIPTION
Extent 266 p. :
Other physical details il. ;
Dimensions 21 cm.
490 0# - SERIES STATEMENT
Series statement Derecho deportivo ;
Volume number/sequential designation 8
650 #7 - SUBJECT ADDED ENTRY--TOPICAL TERM
Source of heading or term lemb
Topical term or geographic name as entry element Deporte - Legislación
Geographic subdivision España
650 #7 - SUBJECT ADDED ENTRY--TOPICAL TERM
Topical term or geographic name as entry element Doping en deportes
Geographic subdivision España
700 1# - ADDED ENTRY--PERSONAL NAME
Personal name Asís Roig, Agustín de,
Relator term coordinador
700 1# - ADDED ENTRY--PERSONAL NAME
Personal name Hernández San Juan, Isabel,
942 ## - ADDED ENTRY ELEMENTS (KOHA)
Source of classification or shelving scheme Biblioteca del Cogreso de los Estados Unidos
Koha item type Libro
Holdings
Estado de pérdida Fuente de clasificación Estado del daño No para préstamo Ubicación permanente Ubicación actual Apartado o colección Fecha de adquisición Edición Dependencia de educación superior (DES) Área del conocimiento Clasificación Código de Barras Date last seen Número de copia Costo por reposición Tipo de recurso
  Biblioteca del Cogreso de los Estados Unidos     Biblioteca del Posgrado en Derecho Biblioteca del Posgrado en Derecho General 18/09/2019 1a ed. Derecho Ciencias Sociales y Administrativas KKT3035 E88 2006 BPD000001005 18/09/2019 1 1.00 Libro